000 00838nam2a22002411 4500
001 rc\4146450
005 20250611110257.0
035 _a(NLR Aleph) 008166884
090 _a7829693
_c7829693
100 _a20130415d1950 |||y0rusy50 ca
101 1 _arus
_cund
102 _aRU
105 _aa z |||||
200 0 _a[Ч. 2]
210 _d1950
_aБ. м.
215 _a112 с.
_cил.
225 1 _a...
_vСб. 2
461 0 _1001rc\4146448
_12001#$aРост кристаллов$fПер. Г.Д. Вигдоровича$gРед. проф. Г.Б. Бокий. [Ч. 1]$v[Ч. 2]
_97829682
_cМосква
_d1950
_fПер. Г.Д. Вигдоровича
_nИзд-во иностр. лит.
_tРост кристаллов
_v[Ч. 2]
801 0 _aRU
_bNLR
_gpsbo
801 1 _aRU
_bELAR
_2rusmarc
852 _aNLR
_jК02 Г-5/14-1
942 _cBOOK
980 _aNB